Religions of Antigua and Barbuda - Statistics

General Stats
  • This quiz has been taken 66 times
  • The average score is 5 of 12
Answer Stats
Percentage Religion % Correct
8.2% Catholic Christian
92%
17.6% Anglican Christian
69%
5.6% Methodist Christian
57%
3.6% Baptist Christian
51%
1% Sunni Islam
49%
1% Mormon Christian
43%
1% Bahai
33%
1% Rastifari
29%
12.4% Seventh Day Adventist Christian
24%
4.1% Church of God Christian
10%
8.3% Moravian Christian
10%
12.2% Pentecostalist Christian
8%
No matching quizzes found
Score Distribution
Percent of People with Each Score
Percentile by Number Answered
Your Score History
You have not taken this quiz